Nazwij liczbę - potęgi 10 - Statystyki

Ogólne statystyki
  • Ten quiz został rozwiązany 45 razy
  • Średni wynik to 15 z 23
Statystyki odpowiedzi
Liczba w postaci potęgi 10 Nazwa % Poprawnych
10^1 dziesięć
98%
10^2 sto
98%
10^3 tysiąc
98%
10^6 milion
95%
10^9 miliard
93%
10^0 jeden
91%
10^12 bilion
88%
10^18 trylion
77%
10^15 biliard
70%
10^21 tryliard
65%
10^24 kwadrylion
56%
10^36 sekstylion
56%
10^27 kwadryliard
53%
10^39 sekstyliard
49%
10^33 kwintyliard
47%
10^30 kwintylion
47%
10^51 oktyliard
44%
10^48 oktylion
44%
10^42 septylion
42%
10^45 septyliard
40%
10^60 decylion
37%
10^57 nonyliard
37%
10^54 nonylion
37%
Nie znaleziono quizów pasujących do podanych kryteriów
Rozkład punktacji
Procent ludzi z każdym wynikiem
Percentyl według liczby udzielonych odpowiedzi
Twoja historia wyników
Nie rozwiązałeś tego quizu